| 000 | 00491 a2200169 4500 | ||
|---|---|---|---|
| 020 | _a9781609608514 | ||
| 040 |
_aDLC _bDLC |
||
| 082 | _a005.8 | ||
| 100 | _aJunaid Ahmad Zubairi | ||
| 110 | _aAthar Mahboob | ||
| 245 |
_aCyber security standards, practices and industrial applications: Systems and methodogies _cJunaid Ahmad Zubairi |
||
| 260 |
_aUSA _bIGI Global _c2012 |
||
| 300 | _a316 p. | ||
| 650 | _aComputer security | ||
| 700 | _aJunaid Ahmad Zubairi | ||
| 942 |
_cBK _k005.8 ZUB _2ddc |
||
| 999 |
_c10690 _d10690 |
||